Desarrollo acuícola : análisis de factibilidad de un emprendimiento mitícola en el golfo de San Matías, provincia de Río Negro /

Guardado en:
Otros Autores: Lagos, Gonzalo Omar. (Disertante), Lagier, María Cristina. (Orientador), Milanesi, Gastón S. (Colaborador)
Formato: Manuscrito
Idioma:Spanish
Publicado: 2006.
Materias:
Etiquetas: Agregar Etiqueta
Sin Etiquetas, Sea el primero en etiquetar este registro!
LEADER 01299ntm a22002895a 4500
001 EAD.ead000763
008 070424s2006####ag#######bm###000#0#spa#d
005 20160812104939.0
245 1 0 |a Desarrollo acuícola :  |b análisis de factibilidad de un emprendimiento mitícola en el golfo de San Matías, provincia de Río Negro /  |c Gonzalo Omar Lagos. 
260 |c 2006. 
300 |a 78 h. ;  |c 30 cm. 
502 |a Tesis (licenciatura)--Universidad Nacional del Sur. Departamento de Ciencias de la Administración, 2006. 
500 |a Director de tesis: María Cristina Lagier. 
500 |a Colaborador especial: Gastón Milanesi. 
504 |a Incluye referencias bibliográficas. 
530 |a También disponible en formato digital. 
100 1 |a Lagos, Gonzalo Omar.  |4 dis 
700 1 |a Lagier, María Cristina.  |4 ths 
700 1 |a Milanesi, Gastón S.  |q (Gastón Silverio)  |4 clb 
710 2 |a Universidad Nacional del Sur.  |b Departamento de Ciencias de la Administración  |4 dgg. 
082 0 4 |a 639.42  |2 21 
650 7 |a Acuicultura.  |2 unbist 
653 |a Mejillones 
650 7 |a Análisis de inversiones.  |2 unbist 
653 |a Tesis digitales 
859 |a AR-BaBDC  |b BIB. ADMINISTRACION - Tesis  |h 639.42  |i L137  |k T  |p b05535 
859 |a AR-BaBDC  |b BIB. ADMINISTRACION - Tesis  |h 639.42  |i L137  |k T  |p b05814  |v CD  |3 CD-ROM